ՀՀ Գիտությունների ազգային ակադեմիայի հիմնարար գիտական գրադարան  =   Fundamental Scientific Library of NAS RA

Толпа : (Record no. 88712)

MARC details
000 -LEADER
fixed length control field 00659nam a2200205 a 4500
001 - CONTROL NUMBER
control field 000248134
003 - CONTROL NUMBER IDENTIFIER
control field AM-YeHGA
005 - DATE AND TIME OF LATEST TRANSACTION
control field 20250617124945.0
008 - FIXED-LENGTH DATA ELEMENTS--GENERAL INFORMATION
fixed length control field 030701s1990 ||| r 000 0 rus d
020 ## - INTERNATIONAL STANDARD BOOK NUMBER
International Standard Book Number 5265016368
020 ## - INTERNATIONAL STANDARD BOOK NUMBER
International Standard Book Number 5-265-01896-4
040 ## - CATALOGING SOURCE
Original cataloging agency AM-YeHGA
090 ## - LOCALLY ASSIGNED LC-TYPE CALL NUMBER (OCLC); LOCAL CALL NUMBER (RLIN)
-- 89998
100 1# - MAIN ENTRY--PERSONAL NAME
Personal name Каминский, Евгений Юрьевич
245 10 - TITLE STATEMENT
Title Толпа :
Remainder of title Стихи /
Statement of responsibility, etc. Евгений Каминский.
260 ## - PUBLICATION, DISTRIBUTION, ETC.
Place of publication, distribution, etc. Ленинград :
Name of publisher, distributor, etc. Сов. писатель,
Date of publication, distribution, etc. 1990.
300 ## - PHYSICAL DESCRIPTION
Extent 72 с.
Other physical details портр., ил.
440 #0 - SERIES STATEMENT/ADDED ENTRY--TITLE
Title Первая книга автора
653 0# - INDEX TERM--UNCONTROLLED
Uncontrolled term Русская советская поэзия
Holdings
Withdrawn status Lost status Damaged status Not for loan Collection Home library Current library Date acquired Total checkouts Full call number Barcode Date last seen Price effective from Koha item type Public note
        General Fundamental Scientific Library Fundamental Scientific Library 22/12/2016   882 110062921 22/12/2016 22/12/2016 Գրքեր / Books 30 Days Loan


ՀՀ ԳԱԱ հիմնարար գիտական գրադարան
ՀՀ,Երևան 0019
Մարշալ Բաղրամյան 24/6
հեռախոս:(374-10) 52-47-50
Հետադարձ կապ

All site content, except where otherwise noted, is licensed under a
Creative Commons License